000 00503nam a2200181Ia 4500
001 3351
005 20260306145637.0
008 260306t2005||||xx |||||||||||||| ||spa||
041 _aESP
082 _a270
_bLL 758 2009 T. 3
100 _aLlorca, Bernardino
_eAUT
245 0 _aHistoria de la iglesia católica:
_bedad nueva: la iglesia en la época del renacimiento y de la reforma católica
260 _c2005
300 _a
_c20 cm.
650 _aGEN
654 _aCHU
942 _cLIB
_dJUS
_fJUS
_2ddc
_n
999 _c3351
_d3351